Drevená sakrálna architektúra v karpatskom oblúku

Podrobná bibliografia
Hlavný autor: Dvořáková, Viera, 1953- (Author)
Ďalší autori: Lacika, Ján (Photographer)
Médium: Článok
Jazyk:Slovak
Témy:
Zdroj: 1. Krásy Slovenska 1. 0323-0643 1. Roč. 83, č. 3-4 (2006), s. 30-31
LEADER 00848nab#a2200313#ar4500
001 000079955
003 SVKKK
005 20060726101602.0
008 060725c2006 xo e slo
FMT
038 |a SVKKK 
040 |a SVKKK  |b slo  |e AACR2 
041 0 |a slo 
044 |a xo  |c SK 
080 |a 726  |2 1997 
080 |a 726.54:726  |2 1997 
100 1 |a Dvořáková, Viera,  |d 1953-  |4 aut 
245 1 0 |a Drevená sakrálna architektúra v karpatskom oblúku  |c Viera Dvořáková ; Ján Lacika 
300 |b Fotogr. 
650 0 4 |a architektúra cirkevná 
650 0 4 |a kostolíky drevené  |x stavby sakrálne  |x architektúra  |z Slovensko 
700 1 |a Lacika, Ján  |4 pht 
773 0 |t Krásy Slovenska  |x 0323-0643  |g Roč. 83, č. 3-4 (2006), s. 30-31 
974 |a MI 
992 |a RBX 
BAS
852 |a SVKKK  |b BIB 
EXP
998 |a REG